The future control of food: a guide to international negotiations and rules on intellectual property, biodiversity and food security. (Record no. 63395)

MARC details
000 -LEADER
fixed length control field 01438nam a2200253 a 4500
008 - FIXED-LENGTH DATA ELEMENTS--GENERAL INFORMATION
fixed length control field 081118s2008 ||||||||||||||||| || u
020 ## - INTERNATIONAL STANDARD BOOK NUMBER
International Standard Book Number 9781844074297
050 ## - LIBRARY OF CONGRESS CALL NUMBER
Classification number KJ 643 Fut
100 ## - MAIN ENTRY--PERSONAL NAME
Personal name Tansey, Geoff
245 14 - TITLE STATEMENT
Title The future control of food: a guide to international negotiations and rules on intellectual property, biodiversity and food security.
Statement of responsibility, etc. edited by Geoff Tansey; Tasmin Rajotte
260 ## - PUBLICATION, DISTRIBUTION, ETC.
Place of publication, distribution, etc. London:
Name of publisher, distributor, etc. Earthscan
Date of publication, distribution, etc. 2008
300 ## - PHYSICAL DESCRIPTION
Extent xxi, 299p.: ill.
350 ## -
-- 0.00
650 ## - SUBJECT ADDED ENTRY--TOPICAL TERM
Topical term or geographic name entry element PRODUCE TRADE--LAW AND LEGISLATION
650 ## - SUBJECT ADDED ENTRY--TOPICAL TERM
Topical term or geographic name entry element FOOD
650 #0 - SUBJECT ADDED ENTRY--TOPICAL TERM
Topical term or geographic name entry element FOOD--LAW AND LEGISLATION
650 ## - SUBJECT ADDED ENTRY--TOPICAL TERM
Topical term or geographic name entry element INTELLECTUAL PROPERTY (INTERNATIONAL LAW)
700 ## - ADDED ENTRY--PERSONAL NAME
Personal name Rajotte, Tasmin
710 ## - ADDED ENTRY--CORPORATE NAME
Corporate name or jurisdiction name as entry element International Development Research Centre (Canada)
995 ## -
-- ANNEX COLLECTION (Main Library)
-- 0.00
-- 739166
-- CBU-MAIN LIBRARY (Kitwe)
-- 1
-- 0.00
-- K 54 FUT
-- 2
-- AVAILABLE
-- Jan 26, 2009
-- 739166
-- Annex Low-Usage Collection
995 ## -
-- ANNEX COLLECTION (Main Library)
-- 0.00
-- 739165
-- CBU-MAIN LIBRARY (Kitwe)
-- 1
-- 0.00
-- K 54 FUT
-- 1
-- AVAILABLE
-- Jan 26, 2009
-- 739165
-- Annex Low-Usage Collection
995 ## -
-- ANNEX COLLECTION (Main Library)
-- 0.00
-- 739167
-- CBU-MAIN LIBRARY (Kitwe)
-- 1
-- 0.00
-- K 54 FUT
-- 3
-- AVAILABLE
-- Jan 26, 2009
-- 739167
-- Annex Low-Usage Collection
995 ## -
-- ANNEX COLLECTION (Main Library)
-- 0.00
-- 740800
-- CBU-MAIN LIBRARY (Kitwe)
-- 1
-- 0.00
-- K 54 FUT
-- 4
-- AVAILABLE
-- Mar 2, 2010
-- 740800
-- Annex Low-Usage Collection
999 ## -
-- 63395
-- 63395
Holdings
Withdrawn status Lost status Source of classification or shelving scheme Damaged status Not for loan Permanent Location Current Location Shelving location Date acquired Total Checkouts Full call number Barcode Date last seen Price effective from Koha item type
          CBU-MAIN LIBRARY, KITWE. CBU-MAIN LIBRARY, KITWE.   12/24/2022   KJ 643 Fut 739166 12/24/2022 12/24/2022 MONOGRAPH
          CBU-MAIN LIBRARY, KITWE. CBU-MAIN LIBRARY, KITWE.   12/24/2022   KJ 643 Fut 739165 12/24/2022 12/24/2022 MONOGRAPH
          CBU-MAIN LIBRARY, KITWE. CBU-MAIN LIBRARY, KITWE.   12/24/2022   KJ 643 Fut 739167 12/24/2022 12/24/2022 MONOGRAPH
          CBU-MAIN LIBRARY, KITWE. CBU-MAIN LIBRARY, KITWE.   12/24/2022   KJ 643 Fut 740800 12/24/2022 12/24/2022 MONOGRAPH